000 00978nam a2200181 a 4500
001 000046131
005 20201002052646.0
008 110425s1995 dr 000 0 spa d
040 _aDO-SdBNP
_bspa
_cBNPHU
082 _axxxx
_bM692
100 1 _aBrady, Daniele
_974188
245 1 0 _aMódulo de capacitación en género /. /
_cDaniele Brady.
260 _aSanto Domingo :
_bPublicación CIFD :
_bUNICEF,
_c1995.
300 _av. ;
_c26 cm.
500 _aIncluye datos biográficos del autor en la contracubierta
505 0 _gMódulo 1
_tDe "mujer y desarrollo" "a mujer y género" /
_rDanièle Brady --
_gMódulo 2
_t"La discriminación sexual como construcción social" /
_rEveline Pressoir --
_gMódulo 3
_tTrabajar no para las mujeres si no con ellas /
_rLuisa Sherezada Vicioso Chiqui (Chiqui) --
_gMódulo 4
_t"la mujeres en contra de ellas mismas" /
_rEveline Pressoir --
_gMódulo v. 5
_tEn busca de oportunidades iguales /
_rLuisa Sherezada Vicioso Chiqui (Chiqui).
049 _aBNPD
999 _c45620
_d45620